000 00470cam a2200193ua 4500
020 _c200.00
041 _aeng
_h
082 _a581.5
_bKUD/WA
100 _aKudrev, .
245 _aWater and plant productivity /
_cKudrev.
_hTextual Documents
250 _a1 /
_b.
260 _aNew Delhi :
_bAgricole Publishing Academy ,
_c1988.
300 _a167 ; .
365 _a200.00
504 _a
700 1 _aTodor, G .
942 _cBK
999 _c1970
_d1970